Statistiken für Staatsoberhäupter nach Bild

Klicken Sie hier um das Quiz zu spielen!

Allgemein

  • Dieses Quiz wurde 1,649 mal gespielt
  • Das Durchschnittsergebnis liegt bei 12 aus 20

Antwortstatistiken

Answer % Korrekt
Barack Obama
100%
Angela Merkel
99%
Wladimir Putin
99%
Theresa May
88%
Kim Jong-il
86%
Nelson Mandela
85%
Emmanuel Macron
84%
Papst Franziskus
80%
Silvio Berlusconi
68%
Fidel Castro
66%
Muammar Gaddafi
66%
Saddam Hussein
57%
Justin Trudeau
49%
Benjamin Netanjahu
41%
Robert Mugabe
33%
Hugo Chávez
25%
Lula da Silva
14%
Narendra Modi
12%
König Abdullah
10%
Suharto
8%

Verteilung der Resultate

Perzentil nach korrekt beantworteten Fragen

Anzahl Personen mit jedem Resultat

Ihre Resultats-Entwicklung

Sie haben dieses Quiz noch nicht gespielt